LEADER 01285cam2 22002651 450 001 SOBE00042975 005 20140508121548.0 100 $a20140508d1958 |||||ita|0103 ba 101 $aita 102 $aIT 200 1 $a<<1: Il >>servitore di due padroni. La vedova scaltra. Il cavaliere e la dama. La famiglia dell'antiquario. Le femmine puntigliose. La bottega del caffe. Il bugiardo. I pettegolezzi delle donne. La locandiera 210 $aMilano$cRizzoli$d1958 215 $a1005 p., 4 c. di tav.$cill.$d19 cm 461 1$1001E600200004326$12001 $aCommedie / Carlo Goldoni ; a cura di Giuseppe Petronio 700 1$aGoldoni$b, Carlo$3AF00006925$4070$0158273 702 1$aPetronio, Giuseppe$3AF00014848$4070 801 0$aIT$bUNISOB$c20140508$gRICA 850 $aUNISOB 852 $aUNISOB$j850|Coll|3|K$m13152 912 $aSOBE00042975 940 $aM 102 Monografia moderna SBN 941 $aM 957 $a850|Coll|3|K$b000027$i-1$gSI$d13152$racquisto$1catenacci$2UNISOB$3UNISOB$420140508121204.0$520140508121229.0$6catenacci 996 $aServitore di due padroni ; La vedova scaltra ; Il cavaliere e la dama ; La famiglia dell'antiquario ; Le femmine puntigliose ; La bottega del caffè ; Il bugiardo ; I pettegolezzi delle donne ; La locandiera$9151195 997 $aUNISOB LEADER 00989cam0 2200277 450 001 E600200043742 005 20200326115404.0 010 $a88706178156 100 $a20090115d2005 |||||ita|0103 ba 101 $aita 102 $aIT 200 1 $a<>onore della nazione$eidentità sessuali e violenza nel nazionalismo europeo dal 18. secolo alla Grande Guerra$fAlberto Mario Banti 210 $aTorino$cEinaudi$d2005 215 $aXII, 389 p.$cill.$d24 cm 225 2 $aBiblioteca Einaudi$v207 410 1$1001LAEC00015056$12001 $a*Biblioteca Einaudi$v207 700 1$aBanti$b, Alberto M.$3A600200044360$4070$0143603 801 0$aIT$bUNISOB$c20200326$gRICA 850 $aUNISOB 852 $aUNISOB$j900$m141301 912 $aE600200043742 940 $aM 102 Monografia moderna SBN 941 $aM 957 $a900$b004915$gSI$d141301$racquisto$1catenacci$2UNISOB$3UNISOB$420090115133320.0$520200326115404.0$6catenaccif 996 $aOnore della nazione$9722789 997 $aUNISOB